| 000 | 01088 a2200217 4500 | ||
|---|---|---|---|
| 001 | 10919 | ||
| 005 | 20260407155440.0 | ||
| 008 | 260407a2012 arg spa d | ||
| 003 | AR-UNSa-BCEJYS | ||
| 040 |
_aAR-UNSa-BCEJYS _bspa _cAR-UNSa-BCEJYS |
||
| 080 |
_a165 _xTeoría del conocimiento. Epistemología |
||
| 245 | 1 | 0 |
_aIntroducción al pensamiento científico _pguía de estudio |
| 020 | _a978-950-23-1748-9 | ||
| 264 | 1 |
_aBuenos Aires : _bEUDEBA (Editorial Universitaria de Buenos Aires) _c2012 |
|
| 300 |
_a190 p. _c23 cm. |
||
| 505 | _a1. Consideraciones sobre el lenguaje - 2. Argumentación:el escenario formal y el escenario informal - 3. Las ciencias formales - 4. La cuestión del método en las ciencias fácticas - 5. Explicación y predicción en ciencias fácticas - 6. Corientes epistemológicas contemporáneas - 7. Ciencia y Sociedad. | ||
| 942 | _cBK | ||
| 590 | _aniveau_biblio:m niveau_hierar:0 | ||
| 100 | 1 | _aUniversidad de Buenos Aires. Programa UBA XXI | |
| 856 | 4 | 1 |
_uhttps://biblioeco.unsa.edu.ar/pmb/images/libros/IPC2-L118878.jpg _yImagen de portada _qimage/jpeg |
| 999 |
_c484 _d484 |
||